Statistiche per Quiz sulla Grecia

Clicka qui per fare il quiz!

Statistiche generali

  • Questo quiz è stato fatto 2.829 volte
    (2.573 dall'ultimo reset)
  • Il punteggio medio è 20 su 31

Statistiche sulle risposte

DomandaRisposta% Corretto
CapitaleAtene
99%
Scrisse l'"Iliade"Omero
93%
Ciò che la Grecia ha ospitato nel 1896 e nel 2004Olimpiadi estive
86%
Città che vinse la guerra del PeloponnesoSparta
86%
Dio del cielo e del tuonoZeus
85%
Nome di questa lettera: ΔDelta
83%
Dio del marePoseidone
82%
Dea della saggezzaAtena
76%
Impero dal quale la Grecia ha ottenuto l'indipendenza nel 1830Ottomano
75%
Il tempio più famosoPartenone
75%
Isola della Civiltà minoicaCreta
74%
Dio degli inferiAde
73%
Dea dell'amore e della bellezzaAfrodite
73%
Città dell'oracoloDelfi
71%
Dio della guerraAres
70%
Mare tra la Grecia e la TurchiaMar Egeo
70%
Prefisso greco: AnthropoUmano
68%
Conquistatore della PersiaAlessandro Magno
67%
Isola casa di UlisseItaca
65%
Isola dove si trovava il "Colosso"Rodi
65%
Significato del prefisso greco AstroStella
62%
Disse "Eureka!"Archimede
58%
Regno dal quale provenivaMacedonia
56%
Prefisso greco: BioVita
52%
Isola luogo di nascita del poeta SaffoLesbo
48%
Valuta nazionale (prima dell'euro)Dracma
42%
L'eroe delle dodici faticheEracle
41%
Il Moussaka di verdure è fatto diMelanzane
37%
Grecia in "Greco"Hellas
33%
Prefisso greco: TeleDistanza
31%
Magnate delle spedizioni che sposò Jackie KennedyAristotele Onassis
30%

Distribuzione punteggi

Percentile per numero di risposta

Percentuale di utenti per punteggio

I tuoi punteggi nel tempo

Non hai fatto questo quiz dall'ultimo reset